000 00337nam a2200157Ia 4500
100 _aKirch/Olaf/ Dawson/Terry
250 _a2
942 _cBK
654 _alinux
245 _aLINUX networks Administrators guide
260 _bOreilly & Ass Inc
_c2000
082 _a5.133
_bKIR
300 _a346
546 _aENGLISH
999 _c28354
_d28354